Statistics for Top 100 Golfers

Click here to take the quiz!

General Stats

  • This quiz has been taken 40 times
  • The average score is 24 of 100

Answer Stats

HintAnswer% Correct
IrelandRory McIlroy
94%
USATiger Woods
78%
SpainJon Rahm
72%
USADustin Johnson
69%
USAJordan Spieth
66%
EnglandJustin Rose
66%
USAJustin Thomas
66%
AustraliaJason Day
63%
USABrooks Koepka
59%
USACollin Morrikawa
59%
JapanHideki Matsuyama
59%
AustraliaCameron Smith
56%
EnglandTommy Fleetwood
56%
NorwayViktor Hovland
56%
USABryson Dechambeau
53%
AustraliaAdam Scott
47%
EnglandLee Westwood
47%
EnglandMatthew Fitzpatrick
47%
USAScottie Scheffler
47%
EnglandIan Poulter
44%
South AfricaLouis Oosthuizen
44%
USAPatrick Cantlay
44%
South KoreaSungjae Im
44%
USAChan Kim
41%
SpainSergio Garcia
41%
South KoreaSi Woo Kim
41%
USAPatrick Reed
38%
USABubba Watson
34%
EnglandDanny Willett
34%
MexicoAbraham Ancer
31%
EnglandPaul Casey
31%
IrelandShane Lowry
31%
USATony Finau
31%
EnglandTyrrell Hatton
31%
FranceVictor Perez
31%
USAXander Schauffele
31%
USAKeegan Bradley
25%
AustraliaMarc Leishman
25%
CanadaCorey Conners
22%
CanadaMackenzie Hughes
19%
USAMax Homa
19%
USASam Burns
19%
BelgiumThomas Pieters
19%
USAWebb Simpson
19%
MexicoCarlos Ortiz
16%
USADaniel Berger
16%
USAGary Woodland
16%
USAKevin Kisner
16%
GermanyMartin Kaymer
16%
USAMatthew Wolff
16%
AustraliaMatt Jones
16%
USAWill Zalatoris
16%
South AfricaBranden Grace
13%
ArgentinaEmiliano Grillo
13%
USAJason Kokrak
13%
ChileJoaquin Neimann
13%
ScotlandMartin Laird
13%
EnglandMatt Wallace
13%
USAStewart Cink
13%
USATalor Gooch
13%
USABilly Horschel
9%
USABrian Harman
9%
South AfricaChristiaan Bezuidenhout
9%
South AfricaErik Van Rooyen
9%
USAJoel Dahmen
9%
USAKevin Na
9%
USARyan Palmer
9%
BelgiumThomas Detry
9%
EnglandAaron Rai
6%
AustriaBernd Wiesberger
6%
South AfricaBrandon Stone
6%
USABrendon Todd
6%
USACameron Champ
6%
USACameron Tringale
6%
USACharley Hoffman
6%
South AfricaDylan Frittelli
6%
South AfricaGarrick Higgo
6%
USAHarris English
6%
USAJT poston
6%
USAKevin Streelman
6%
AustraliaLucas Herbert
6%
USAMatt Kuchar
6%
ScotlandRobert MacIntyre
6%
ColombiaSebastian Munoz
6%
EnglandAndy Sullivan
3%
FranceAntoine Rozner
3%
USABrendan Steele
3%
USAChris Kirk
3%
South AfricaDaniel Van Tonder
3%
South AfricaGeorge Coetzee
3%
USARussell Henley
3%
EnglandSam Horsfield
3%
FinlandSami Valimaki
3%
USAAdam Long
0%
USAHarold Varner lll
0%
USAJohn Catlin
0%
USALanto Griffin
0%
JapanRikuya Hoshino
0%
JapanShugo Imahira
0%
JapanTakumi Kanaya
0%

Score Distribution

Percentile by Number Answered

Percent of People with Each Score

Your Score History

You have not taken this quiz